[Event "Mittelrhein Verbandsliga-M 16/17"]
[Site "Nordrheinwestfalen"]
[Date "2016.10.23"]
[Round "3.8"]
[White "Weiland, Herbert"]
[Black "Leimeister, Winfried"]
[Result "1/2-1/2"]
[WhiteElo "1631"]
[BlackElo "1826"]
[PlyCount "44"]
[EventDate "2016.09.11"]
[EventType "team-tourn"]
[EventRounds "11"]
[EventCountry "GER"]
[SourceTitle "EXT 2022"]
[Source "ChessBase"]
[SourceDate "2021.10.06"]
[SourceVersion "1"]
[SourceVersionDate "2021.10.06"]
[SourceQuality "1"]
[WhiteTeam "Rheinpark BSG"]
[BlackTeam "Bergische SF"]
[WhiteTeamCountry "GER"]
[BlackTeamCountry "GER"]

1. d4 Nf6 2. Nf3 c5 3. d5 d6 4. c4 g6 5. Nc3 Bg7 6. e4 0-0 7. Be2 a6 8. a4 e6 9. 0-0 exd5 10. cxd5 Bg4 11. h3 Bxf3 12. Bxf3 Re8 13. Bf4 Qc7 14. Qc2 Nbd7 15. Rfe1 Ne5 16. Be2 b6 17. Rad1 Nfd7 18. Be3 f6 19. f4 Nf7 20. Bf3 Rab8 21. Bf2 b5 22. axb5 axb5 1/2-1/2

[Event "Cappelle op 30th"]
[Site "Cappelle la Grande"]
[Date "2014.03.06"]
[Round "7"]
[White "Peric, Slavisa"]
[Black "Leimeister, Winfried"]
[Result "1-0"]
[WhiteElo "2183"]
[BlackElo "1876"]
[PlyCount "71"]
[EventDate "2014.03.01"]
[EventType "swiss"]
[EventRounds "9"]
[EventCountry "FRA"]
[SourceTitle "CBM 159 Extra"]
[Source "ChessBase"]
[SourceDate "2014.04.24"]
[SourceVersion "1"]
[SourceVersionDate "2014.04.24"]
[SourceQuality "1"]

1. d4 Nf6 2. Nc3 g6 3. e4 c5 4. d5 d6 5. Bb5+ Bd7 6. a4 Bg7 7. Nf3 0-0 8. h3 e5 9. 0-0 h6 10. Ne1 Nh5 11. Nd3 Qh4 12. Bxd7 Nxd7 13. Qg4 Qxg4 14. hxg4 Nhf6 15. f3 c4 16. Nf2 Nc5 17. Nb5 Rfd8 18. a5 Bf8 19. Nd1 Rdc8 20. Ne3 Na6 21. Bd2 Rc5 22. Na3 Rac8 23. Nb1 Be7 24. Ra4 Bd8 25. Na3 Ne8 26. Nexc4 R5c7 27. b3 Kg7 28. Nb5 Rd7 29. Nxa7 b5 30. axb6 Rxc4 31. Rxa6 Rxc2 32. Ba5 Rb7 33. Nc6 Bg5 34. f4 Bxf4 35. Rf3 Nf6 36. g3 1-0

[Event "Reykjavik op"]
[Site "Reykjavik"]
[Date "2013.02.21"]
[Round "4"]
[White "Leimeister, Winfried"]
[Black "Bergsson, Stefan"]
[Result "1-0"]
[WhiteElo "1909"]
[BlackElo "2180"]
[PlyCount "61"]
[EventDate "2013.02.19"]
[EventType "swiss"]
[EventRounds "10"]
[EventCountry "ISL"]
[SourceTitle "CBM 153 Extra"]
[Source "ChessBase"]
[SourceDate "2013.04.22"]
[SourceVersion "1"]
[SourceVersionDate "2013.04.22"]
[SourceQuality "1"]

1. d3 b5 2. Nf3 Bb7 3. Nbd2 g5 4. Nxg5 e5 5. Ngf3 Qf6 6. Ne4 Qg7 7. Qd2 h6 8. Qa5 Na6 9. Qxb5 0-0-0 10. Bd2 d5 11. Ng3 Ne7 12. e4 Nc6 13. exd5 Ncb4 14. Bxb4 Nxb4 15. Qa4 e4 16. a3 Qxb2 17. axb4 exf3 18. gxf3 Bxb4+ 19. Ke2 a5 20. Bh3+ Kb8 21. Rhb1 Qd4 22. c4 Rde8+ 23. Ne4 Rhg8 24. Rxb4 axb4 25. Rb1 Qc3 26. Rxb4 f5 27. Bxf5 Rxe4+ 28. Bxe4 Rg1 29. Rxb7+ Kxb7 30. d6+ Kc8 31. Qe8# 1-0

[Event "Dresden ZMDI Blitz"]
[Site "Dresden"]
[Date "2011.08.09"]
[Round "4"]
[White "Leimeister, Winfried"]
[Black "Roos, Hans Goerg"]
[Result "1/2-1/2"]
[WhiteElo "1891"]
[BlackElo "2053"]
[PlyCount "98"]
[EventDate "2011.08.06"]
[EventType "swiss (blitz)"]
[EventRounds "9"]
[EventCountry "GER"]
[SourceTitle "EXT 2022"]
[Source "ChessBase"]
[SourceDate "2021.10.06"]
[SourceVersion "1"]
[SourceVersionDate "2021.10.06"]
[SourceQuality "1"]

1. e4 c5 2. Nf3 d6 3. Bb5+ Bd7 4. Bxd7+ Qxd7 5. 0-0 Nc6 6. c3 Nf6 7. Re1 e6 8. d4 cxd4 9. cxd4 d5 10. e5 Ne4 11. a3 Be7 12. Nbd2 Nxd2 13. Bxd2 0-0 14. b4 a6 15. Qb3 Qd8 16. Rac1 Qb6 17. Be3 Rfc8 18. Rc3 Na7 19. Rec1 Qd8 20. Qb2 Rxc3 21. Rxc3 Nb5 22. Rc2 Rc8 23. Bc1 Rc7 24. Ne1 Qc8 25. Rxc7 Qxc7 26. Qc2 Qc4 27. Qxc4 dxc4 28. Nc2 Kf8 29. Bd2 Nc7 30. Ne3 b5 31. g3 Nd5 32. Nxd5 exd5 33. g4 f6 34. f4 fxe5 35. fxe5 Kf7 36. Kg2 Kg6 37. Kf3 Bd8 38. Ke2 Bb6 39. Be3 a5 40. Kd2 axb4 41. axb4 Bd8 42. Kc3 Bh4 43. Kd2 Kf7 44. Ke2 Ke6 45. Kd2 h5 46. h3 hxg4 47. hxg4 Bg3 48. Ke2 g6 49. Bg5 Kd7 1/2-1/2

[Event "Gibraltar Masters 9th"]
[Site "Caleta"]
[Date "2011.01.30"]
[Round "6"]
[White "Hamer, Martyn"]
[Black "Leimeister, Winfried"]
[Result "1-0"]
[WhiteElo "2041"]
[BlackElo "1906"]
[PlyCount "89"]
[EventDate "2011.01.25"]
[EventType "swiss"]
[EventRounds "10"]
[EventCountry "GGB"]
[SourceTitle "CBM 141"]
[Source "ChessBase"]
[SourceDate "2011.03.17"]
[SourceVersion "1"]
[SourceVersionDate "2011.03.17"]
[SourceQuality "1"]

1. e4 c5 2. c3 g6 3. Nf3 Bg7 4. Bc4 Nc6 5. 0-0 e6 6. Re1 d6 7. d4 cxd4 8. cxd4 Nge7 9. Nc3 0-0 10. Bg5 h6 11. Be3 Na5 12. Bd3 d5 13. e5 Bd7 14. h4 Nc4 15. Bc1 Rc8 16. h5 g5 17. Bb1 f5 18. exf6 Bxf6 19. Qd3 Rf7 20. b3 Na5 21. Ne5 Bxe5 22. dxe5 Qc7 23. Bd2 Nac6 24. Qg3 Nd4 25. f4 Nef5 26. Qg4 Rg7 27. fxg5 hxg5 28. Nxd5 exd5 29. e6 Bxe6 30. Rxe6 Nxe6 31. Bxf5 Qb6+ 32. Kh1 Rc6 33. Re1 Nc7 34. Be3 Qa5 35. Re2 Qc3 36. g3 Rf6 37. Bd4 Qc1+ 38. Kg2 Rff7 39. h6 Rh7 40. Be3 Qd1 41. Qxg5+ Rfg7 42. Qd8+ Kf7 43. Qxc7+ Kf6 44. Bg5+ Rxg5 45. Qe5+ 1-0

[Event "Gibraltar Masters 9th"]
[Site "Caleta"]
[Date "2011.01.28"]
[Round "4"]
[White "Leimeister, Winfried"]
[Black "Urbina Perez, Juan Antonio"]
[Result "0-1"]
[WhiteElo "1906"]
[BlackElo "2189"]
[PlyCount "44"]
[EventDate "2011.01.25"]
[EventType "swiss"]
[EventRounds "10"]
[EventCountry "GGB"]
[SourceTitle "CBM 141"]
[Source "ChessBase"]
[SourceDate "2011.03.17"]
[SourceVersion "1"]
[SourceVersionDate "2011.03.17"]
[SourceQuality "1"]

1. Nf3 Nf6 2. g3 d5 3. Bg2 Bg4 4. c4 dxc4 5. Qa4+ c6 6. Qxc4 Be6 7. Qc2 g6 8. b4 Bg7 9. Bb2 0-0 10. 0-0 a5 11. b5 cxb5 12. Nd4 Bd5 13. e4 Bc6 14. Nxc6 Nxc6 15. d4 Nxd4 16. Qd3 e5 17. Na3 b4 18. Nc4 Nd7 19. Rfd1 Nc5 20. Qe3 Na4 21. Nxe5 Nxb2 22. Rxd4 Qb6 0-1

[Event "Dresden ZMD op"]
[Site "Dresden"]
[Date "2010.07.13"]
[Round "4"]
[White "Gungl, Theo"]
[Black "Leimeister, Winfried"]
[Result "0-1"]
[WhiteElo "1682"]
[BlackElo "1909"]
[PlyCount "74"]
[EventDate "2010.07.10"]
[EventType "swiss"]
[EventRounds "9"]
[EventCountry "GER"]
[SourceTitle "CBM 137 Extra"]
[Source "ChessBase"]
[SourceDate "2010.09.01"]
[SourceVersion "1"]
[SourceVersionDate "2010.09.01"]
[SourceQuality "1"]

1. e4 c5 2. Nf3 g6 3. d4 cxd4 4. Nxd4 Bg7 5. Be3 Nc6 6. Nxc6 bxc6 7. c3 Qa5 8. Nd2 Qc7 9. Bc4 Nf6 10. f3 d5 11. exd5 cxd5 12. Bb5+ Bd7 13. Bxd7+ Nxd7 14. Nb3 e6 15. 0-0 0-0 16. Rc1 Rab8 17. Qd2 Nb6 18. Qf2 Rfc8 19. Rfd1 Nc4 20. Bxa7 Ra8 21. Bc5 Rxa2 22. Rc2 Rb8 23. Bb4 Qb6 24. Qxb6 Rxb6 25. Ra1 Rxa1+ 26. Nxa1 Ra6 27. Rc1 Nxb2 28. Rb1 Na4 29. Ba3 Ra8 30. Nc2 Nxc3 31. Rb3 d4 32. Ne1 e5 33. Nd3 f5 34. Kf2 e4 35. Ne1 d3 36. Ke3 Bh6+ 37. f4 Bxf4+ 0-1

[Event "Dresden ZMD op"]
[Site "Dresden"]
[Date "2010.07.10"]
[Round "1"]
[White "Leimeister, Winfried"]
[Black "Meier, Georg"]
[Result "0-1"]
[WhiteElo "1909"]
[BlackElo "2648"]
[PlyCount "72"]
[EventDate "2010.07.10"]
[EventType "swiss"]
[EventRounds "9"]
[EventCountry "GER"]
[SourceTitle "CBM 137 Extra"]
[Source "ChessBase"]
[SourceDate "2010.09.01"]
[SourceVersion "1"]
[SourceVersionDate "2010.09.01"]
[SourceQuality "1"]

1. Nf3 c5 2. e4 a6 3. g3 b5 4. Bg2 Bb7 5. 0-0 Bxe4 6. Re1 Nf6 7. a4 b4 8. d3 Bb7 9. Bg5 e6 10. Nbd2 Be7 11. Nc4 0-0 12. a5 d5 13. Nb6 Ra7 14. Ne5 h6 15. Bd2 Bd6 16. f4 Nc6 17. Nxc6 Bxc6 18. c3 bxc3 19. bxc3 Nd7 20. Nxd7 Qxd7 21. Rb1 Rb7 22. Qc2 Rfb8 23. Rxb7 Qxb7 24. c4 Qb3 25. Rc1 Qxc2 26. Rxc2 Rb3 27. Bf1 d4 28. Kf2 f6 29. Ke1 Bc7 30. Ra2 Rb1+ 31. Kf2 Kf8 32. Ra3 Ke7 33. Be1 Rb2+ 34. Be2 g5 35. fxg5 hxg5 36. Kf1 f5 0-1

[Event "Dresden ZMD op"]
[Site "Dresden"]
[Date "2009.07.27"]
[Round "3"]
[White "Leimeister, Winfried"]
[Black "Bracker, Arne"]
[Result "0-1"]
[WhiteElo "1917"]
[BlackElo "2214"]
[PlyCount "50"]
[EventDate "2009.07.25"]
[EventType "swiss"]
[EventRounds "9"]
[EventCountry "GER"]
[SourceTitle "CBM 131 Extra"]
[Source "ChessBase"]
[SourceDate "2009.09.03"]
[SourceVersion "2"]
[SourceVersionDate "2009.09.16"]
[SourceQuality "1"]

1. Nf3 Nf6 2. d3 d5 3. g3 g6 4. Bg2 Bg7 5. Nbd2 0-0 6. 0-0 c5 7. e4 Nc6 8. Re1 e5 9. c3 Rb8 10. a4 h6 11. Qc2 Re8 12. Nf1 d4 13. cxd4 cxd4 14. Bd2 a5 15. Rec1 Be6 16. Ne1 Nd7 17. f4 Qb6 18. b4 axb4 19. Rcb1 Bf8 20. Qd1 b3 21. Rb2 Nc5 22. f5 gxf5 23. exf5 Bxf5 24. Qf3 Bg6 25. Bh3 e4 0-1